000 00694nam a2200253Ia 4500
003 OSt
005 20221006143023.0
006 a|||||r|||| 00| 0
007 ta
008 221006b |||||||| |||| 00| 0 eng d
020 _c
_16.50
024 _a7,814
037 _cTextual
040 _aEASL
_cEASL
_beng
041 _2eng
_aeng
082 _aY33:3.410m42.N1, L3
100 _aROZMAN Gilbert
_923348
245 0 _aUrban networks in Ch'ing China and Tokugawa Japan
260 _aPrinceton
_bPrinceton Universty Press
_c1973
300 _a355p.
_ccm.
490 _v Oth
942 _hY33:3.410m42.N1, L3
_cTEXL
_2CC
999 _c1075900
_d1075900